Macht - Nähe - Gewalt (?) (Sexuelle) Gewalt- und Tötungsdelikte im sozialen Nahraum. Ein Tagungsbericht

Macht-Nähe-Gewalt (?) - (Sexuelle) Gewalt- und Tötungsdelikte im sozialen Nahraum, so das Thema der 2. Arbeitstagung des Interdisziplinären Forums Forensik (iFF.) am 03./04. November 2005 in Bremen. In Einzelbeiträgen aus Praxis und Forschung verschiedener Fachdisziplinen und einer abschließenden Po...

Full description

Saved in:  
Bibliographic Details
Main Author: Herbers, Karin (Author)
Format: Print Article
Language:Undetermined language
Published: 2006
In: Kriminalistik
Year: 2006, Volume: 60, Issue: 6, Pages: 367-372
Check availability: HBZ Gateway
Keywords:

MARC

LEADER 00000caa a22000002c 4500
001 1639137661
003 DE-627
005 20220608124151.0
007 tu
008 160223s2006 xx ||||| 00| ||und c
035 |a (DE-627)1639137661 
035 |a (DE-576)455777799 
035 |a (DE-599)BSZ455777799 
040 |a DE-627  |b ger  |c DE-627  |e rakwb 
100 1 |a Herbers, Karin  |4 aut 
245 1 0 |a Macht - Nähe - Gewalt (?) (Sexuelle) Gewalt- und Tötungsdelikte im sozialen Nahraum. Ein Tagungsbericht  |c Karin Herbers 
264 1 |c 2006 
336 |a Text  |b txt  |2 rdacontent 
337 |a ohne Hilfsmittel zu benutzen  |b n  |2 rdamedia 
338 |a Band  |b nc  |2 rdacarrier 
520 |a Macht-Nähe-Gewalt (?) - (Sexuelle) Gewalt- und Tötungsdelikte im sozialen Nahraum, so das Thema der 2. Arbeitstagung des Interdisziplinären Forums Forensik (iFF.) am 03./04. November 2005 in Bremen. In Einzelbeiträgen aus Praxis und Forschung verschiedener Fachdisziplinen und einer abschließenden Podiumsdiskussion wurden unterschiedliche Facetten des Tagungsthemas erörtert und diskutiert. Insgesamt nahmen etwa 400 Fachvertreterinnen und Fachvertreter aus den Bereichen Polizei, Rechtsmedizin, Forensische Psychologie und Psychiatrie, Strafvollzug, Sozial- und Rechtswissenschaften sowie aus Beratungseinrichtungen und Ministerien teil. Dieser Tagungsbericht spiegelt einen Ausschnitt aus dem breit gefächerten Tagungsprogramm wider - es werden ausgewählte Tagungsbeiträge zum Themenfeld - "Familiäre- und Beziehungsgewalt im sozialen Nahraum" referiert. Zudem wird ein Resümee, zu Möglichkeiten und Grenzen eines interdisziplinären Fallmanagements gezogen 
773 0 8 |i In  |t Kriminalistik  |d Heidelberg : C.F. Müller GmbH, Kriminalistik, 1949  |g 60(2006), 6, Seite 367-372  |w (DE-627)129489522  |w (DE-600)205902-2  |w (DE-576)014883163  |x 0023-4699  |7 nnas 
773 1 8 |g volume:60  |g year:2006  |g number:6  |g pages:367-372 
935 |a mkri 
951 |a AR 
ELC |b 1 
LOK |0 000 xxxxxcx a22 zn 4500 
LOK |0 001 3299428578 
LOK |0 003 DE-627 
LOK |0 004 1639137661 
LOK |0 005 20251001100944 
LOK |0 008 160208||||||||||||||||ger||||||| 
LOK |0 040   |a DE-21-110  |c DE-627  |d DE-21-110 
LOK |0 689   |a s  |a Sexuelle Gewalt 
LOK |0 689   |a s  |a Gewalt in der Familie 
LOK |0 689   |a s  |a Häusliche Gewalt 
LOK |0 689   |a s  |a Partnergewalt 
LOK |0 689   |a s  |a Gewaltprävention 
LOK |0 852   |a DE-21-110 
LOK |0 852 1  |m p  |9 00 
LOK |0 935   |a k110 
LOK |0 938   |k p 
LOK |0 939   |a 08-02-16  |b l01 
ORI |a SA-MARC-krimdoka001.raw